Commercial property investment (Record no. 108878)
[ view plain ]
| 000 -LEADER | |
|---|---|
| fixed length control field | 01362cad a22002295a 4500 |
| 001 - CONTROL NUMBER | |
| control field | L145714 |
| 008 - FIXED-LENGTH DATA ELEMENTS--GENERAL INFORMATION | |
| fixed length control field | 081103s2008 xxkad f s 000 0 eng d |
| 020 ## - INTERNATIONAL STANDARD BOOK NUMBER | |
| International Standard Book Number | 9781842194409 |
| 035 ## - SYSTEM CONTROL NUMBER | |
| System control number | (Sirsi) u145714 |
| 041 0# - LANGUAGE CODE | |
| Language code of text/sound track or separate title | eng |
| 050 04 - LIBRARY OF CONGRESS CALL NUMBER | |
| Classification number | 333.32. $2 18 |
| 110 2# - MAIN ENTRY--CORPORATE NAME | |
| Corporate name or jurisdiction name as entry element | Royal Institution of Chartered Surveyors |
| 9 (RLIN) | 4900 |
| 245 00 - TITLE STATEMENT | |
| Title | Commercial property investment |
| Remainder of title | a guide for the small investor |
| Medium | [electronic resource] |
| 260 ## - PUBLICATION, DISTRIBUTION, ETC. | |
| Place of publication, distribution, etc. | London |
| Name of publisher, distributor, etc. | RICS |
| Date of publication, distribution, etc. | 2008 |
| 505 2# - FORMATTED CONTENTS NOTE | |
| Formatted contents note | The commercial property market -- Commercial property as an investment -- How does the commercial property market work? -- Investing in commercial property: what are the key issues? -- How can I invest in commercial property? -- Sources of further information |
| 520 ## - SUMMARY, ETC. | |
| Summary, etc. | Explains how the commericial property investment market works and fundamental concepts such as the difference between pricing and valuation. Discusses the issues that potential investors should consider before investing in commercial property, including the kinds of risks it involves. Describes the different ways of investing in commercial property. |
| 590 ## - LOCAL NOTE (RLIN) | |
| Local note | KA NTK |
| 651 #4 - SUBJECT ADDED ENTRY--GEOGRAPHIC NAME | |
| Geographic name | United Kingdom |
| Chronological subdivision | |
| 690 ## - LOCAL SUBJECT ADDED ENTRY--TOPICAL TERM (OCLC, RLIN) | |
| Topical term or geographic name as entry element | PROPERTY-COMMERCIAL PROPERTY-COMMERCIAL PROPERTY MARKET |
| 856 40 - ELECTRONIC LOCATION AND ACCESS | |
| Uniform Resource Identifier | <a href="https://www.rics.org/site/scripts/news_article.aspx?newsID=312">https://www.rics.org/site/scripts/news_article.aspx?newsID=312</a> |
| Public note | View the guide free of charge at www.rics.org... |
| 942 ## - ADDED ENTRY ELEMENTS (KOHA) | |
| Suppress in OPAC | 0 |
| Withdrawn status | Lost status | Source of classification or shelving scheme | Damaged status | Not for loan | Home library | Current library | Shelving location | Date acquired | Total Checkouts | Full call number | Barcode | Date last seen | Copy number | Price effective from | Koha item type |
|---|---|---|---|---|---|---|---|---|---|---|---|---|---|---|---|
| Dewey Decimal Classification | Virtual | Virtual | Online | 03/11/2008 | ONLINE PUBLICATION | 145714-1001 | 06/08/2019 | 1 | 06/08/2019 | Book |